UM Logo

A passive variable switching frequency SPWM concept and analysis for DCAC converter / (Record no. 19269)

MARC details
000 -LEADER
fixed length control field 01092nam a22002537a 4500
003 - CONTROL NUMBER IDENTIFIER
control field OSt
005 - DATE AND TIME OF LATEST TRANSACTION
control field 20250911163642.0
008 - FIXED-LENGTH DATA ELEMENTS--GENERAL INFORMATION
fixed length control field 240222b ||||| |||| 00| 0 eng d
040 ## - CATALOGING SOURCE
Transcribing agency 0
082 ## - DEWEY DECIMAL CLASSIFICATION NUMBER
Classification number DPer 621.317 Ie21 May 2022 v. 37 n. 5
100 ## - MAIN ENTRY--PERSONAL NAME
Personal name Zhu, Xiaonan.
Relator term author.
9 (RLIN) 52929
245 ## - TITLE STATEMENT
Title A passive variable switching frequency SPWM concept and analysis for DCAC converter /
Statement of responsibility, etc. Xiaonan Zhu, Hongliang Wang, Wenyuan Zhang, Hanzhe Wang, Xiaojun Deng, Wei Tang, and Xiumei Yue.
260 ## - PUBLICATION, DISTRIBUTION, ETC. (IMPRINT)
Place of publication, distribution, etc. New York ;
Name of publisher, distributor, etc. The Institute of Electrical and Electronics Engineers, Inc. ,
Date of publication, distribution, etc. May 2022.
300 ## - PHYSICAL DESCRIPTION
Extent Volume 37, pages 5524-5534 :
Other physical details illustration ;
Dimensions 28 cm.
500 ## - GENERAL NOTE
General note IEEE Transactions on Power Electronics, vol. 37, no. 5, pages 5524-5534, May 2022.
700 ## - ADDED ENTRY--PERSONAL NAME
Personal name Zhu, Xiaonan.
Relator term author.
9 (RLIN) 52929
700 ## - ADDED ENTRY--PERSONAL NAME
Personal name Wang, Hongliang.
Relator term author.
9 (RLIN) 52930
700 ## - ADDED ENTRY--PERSONAL NAME
Personal name Zhang, Wenyuan.
Relator term author.
9 (RLIN) 52931
700 ## - ADDED ENTRY--PERSONAL NAME
Personal name Wang, Hanzhe.
Relator term author.
9 (RLIN) 52932
700 ## - ADDED ENTRY--PERSONAL NAME
Personal name Deng, Xiaojun.
Relator term author.
9 (RLIN) 52933
700 ## - ADDED ENTRY--PERSONAL NAME
Personal name Tang, Wei.
Relator term author.
9 (RLIN) 52934
700 ## - ADDED ENTRY--PERSONAL NAME
Personal name Yue, Xiumei.
Relator term author.
9 (RLIN) 52935
942 ## - ADDED ENTRY ELEMENTS (KOHA)
Source of classification or shelving scheme Dewey Decimal Classification
Koha item type Periodicals
Holdings
Withdrawn status Lost status Source of classification or shelving scheme Damaged status Not for loan Collection code Home library Current library Date acquired Total Checkouts Full call number Date last seen Price effective from Koha item type Public note
    Dewey Decimal Classification     Periodicals UM Digos College - LIC UM Digos College - LIC 02/22/2024   DPer 621.317 Ie21 May 2022 v. 37 n. 5 02/22/2024 02/22/2024 Periodicals Periodical Article